Language Quiz

Random Language or German Quiz

German School Verbs Quiz Stats

 Plays Quiz not verified by Sporcle

Challenge
Share
Tweet
Embed
Score 0/28 Timer 05:00
0 Plays Today
verbs verb % Correct
to readlesen
94.4%
to have to, mustmüssen
88.9%
to seesehen
88.9%
to want to, intend towollen
88.9%
to costkosten
88.9%
to bringbringen
83.3%
to learn, to studylernen
83.3%
to be supposed to, shouldsollen
83.3%
to like (the modal verb)mögen
77.8%
would likemöchte
77.8%
to know a personkennen
77.8%
to be able to, cankönnen
72.2%
to explainerklären
72.2%
to know a factwissen
72.2%
verbs verb % Correct
to watch TVfernsehen
66.7%
to surfsurfen
66.7%
to bring alongmitbringen
61.1%
to becomewerden
61.1%
to be permitted to, to be alloweddürfen
55.6%
to payzahlen
55.6%
to lend, to borrowleihen
50%
to preparevorbereiten
50%
to earn (money or a grade)verdienen
38.9%
to pay backzurückzahlen
38.9%
to tell, to narrateerzählen
38.9%
to rent, to check out from a libraryausleihen
27.8%
to have a temporary/summer jobjobben
27.8%
to work through, to studydurcharbeiten
22.2%

You're not logged in!

Compare scores with friends on all Sporcle quizzes.
OR
Log In

You Might Also Like...

Show Comments

Extras

Created May 4, 2011ReportNominate
Tags:German Quiz, school, verb

Top Quizzes Today


Score Distribution

Your Account Isn't Verified!

In order to create a playlist on Sporcle, you need to verify the email address you used during registration. Go to your Sporcle Settings to finish the process.

Report this User

Report this user for behavior that violates our Community Guidelines.

Details: